Statistics for The 50 Oldest National Football Associations in the World

Click here to take the quiz!

General Stats

  • This quiz has been taken 56 times
  • The average score is 33 of 50

Answer Stats

Year Confederation Football Association % Correct
1863UEFAThe Football Association
98%
1919UEFAFrench Football Association
98%
1873UEFAScottish Football Association
96%
1900UEFAGerman Football Association
96%
1876UEFAFootball Association of Wales
94%
1880UEFAIrish Football Association
94%
1889UEFADanish Football Association
94%
1889UEFARoyal Dutch Football Association
94%
1909UEFARoyal Spanish Football Federation
94%
1914CONMEBOLBraziliian Football Confederation
94%
1898UEFAItalian Football Federation
94%
1912UEFARussian Football Union
92%
1904UEFASwedish Football Association
92%
1895CONMEBOLFootball Federation of Chile
92%
1893CONMEBOLArgentine Football Association
92%
1914UEFAPortuguese Football Federation
90%
1919UEFAPolish Football Association
90%
1895UEFARoyal Belgian Football Association
90%
1900CONMEBOLUruguayan Football Association
88%
1901UEFAFootball Association of the Czech Republic
88%
1902UEFAFootball Association of Norway
88%
1913CONCACAFUnited States Soccer Federation
86%
1904UEFAAustrian Football Association
86%
1912CONCACAFCanadian Soccer Association
84%
1907UEFAFootball Association of Finland
84%
1895UEFASwiss Football Association
84%
1901UEFAHungarian Football Federation
84%
1919UEFAFootball Association of Serbia
76%
1909UEFARomanian Football Federation
76%
1906CONMEBOLParaguayan Football Association
72%
1921AFCJapan Football Association
72%
1908UEFALuxembourg Football Federation
70%
1912UEFACroatian Football Federation
68%
1920UEFAFootball Association of Slovenia
50%
1891OFCNew Zealand Football
42%
1904CONCACAFHaitian Football Federation
40%
1900UEFAMalta Football Association
40%
1921UEFALatvian Football Federation
38%
1910CONCACAFJamaica Football Federation
38%
1921CONCACAFCosta Rican Football Federation
26%
1908CONCACAFTrinidad and Tobago Football Association
24%
1910CONCACAFBarbados Football Association
20%
1916AFCFootball Association of Thailand
20%
1919CONCACAFNational Football Federation of Guatemala
18%
1892AFCFootball Association of Singapore
14%
1907AFCPhilippine Football Federation
10%
1902CONCACAFGuyana Football Federation
10%
1919CAFCongolese Association Football Federation
6%
1914AFCHong Kong Football Association
6%
1895UEFAGibraltar Football Association
4%

Score Distribution

Percentile by Number Answered

Percent of People with Each Score

Your Score History

You have not taken this quiz